| 000 | 00762cam a22002531 4500 | ||
|---|---|---|---|
| 001 | 14699 | ||
| 003 | BD-RjUL | ||
| 005 | 20211208235656.0 | ||
| 008 | 140208s1959 nyu b 000 0 eng d | ||
| 035 | _a(BD-RjUL)14753 | ||
| 035 | _a(OCoLC)280273 | ||
| 040 |
_aDLC _cOYU _dOCoLC _dUk _dDLC _dBD-RjUL _beng |
||
| 041 | _aeng | ||
| 082 |
_a338.973 _bMAN 1959 _223 |
||
| 245 | 1 | 0 |
_aManagement's mission in a new society / _cedited by Dan H. Fenn, |
| 260 |
_aNew York : _aLondon ; _bMcGraw-Hill, _cc1959. |
||
| 300 |
_axii, 345 p. : _c21 cm. |
||
| 504 | _aBibliographical footnotes. | ||
| 650 | 0 |
_aIndustries _zUnited States. _945815 |
|
| 650 | 0 |
_aIndustrial management _zUnited States. _99586 |
|
| 942 |
_2ddc _cBK |
||
| 999 |
_c14699 _d14699 |
||